Математическое моделирование тепловых режимов термосифонов при работе с характерными тепловыми нагрузками аккумуляторных батарей авиационного оборудования; Известия вузов. Авиационная техника; № 2

Bibliografiske detaljer
Parent link:Известия вузов. Авиационная техника/ Казанский национальный исследовательский технический университет им. А. Н. Туполева-КАИ (КНИТУ-КАИ).— , 1958-
№ 2.— 2017.— [С. 82-86]
Hovedforfatter: Красношлыков А. С. Александр Сергеевич
Institution som forfatter: Национальный исследовательский Томский политехнический университет (ТПУ) Энергетический институт (ЭНИН) Кафедра теоретической и промышленной теплотехники (ТПТ)
Andre forfattere: Кузнецов Г. В. Гений Владимирович
Summary:Заглавие с экрана
Режим доступа: по договору с организацией-держателем ресурса
Sprog:russisk
Udgivet: 2017
Fag:
Online adgang:https://elibrary.ru/item.asp?id=29901275
Format: MixedMaterials Electronisk Book Chapter
KOHA link:https://koha.lib.tpu.ru/cgi-bin/koha/opac-detail.pl?biblionumber=656494

MARC

LEADER 00000naa0a2200000 4500
001 656494
005 20250404113934.0
035 |a (RuTPU)RU\TPU\network\22935 
090 |a 656494 
100 |a 20171116d2017 k||y0rusy50 ca 
101 0 |a rus 
102 |a RU 
135 |a drcn ---uucaa 
181 0 |a i  
182 0 |a b 
200 1 |a Математическое моделирование тепловых режимов термосифонов при работе с характерными тепловыми нагрузками аккумуляторных батарей авиационного оборудования  |f А. С. Красношлыков, Г. В. Кузнецов 
203 |a Текст  |c электронный 
300 |a Заглавие с экрана 
320 |a [Библиогр.: 9 назв.] 
333 |a Режим доступа: по договору с организацией-держателем ресурса 
461 |t Известия вузов. Авиационная техника  |f Казанский национальный исследовательский технический университет им. А. Н. Туполева-КАИ (КНИТУ-КАИ)  |d 1958- 
463 |t № 2  |v [С. 82-86]  |d 2017 
610 1 |a электронный ресурс 
610 1 |a труды учёных ТПУ 
610 1 |a математическое моделирование 
610 1 |a термосифоны 
610 1 |a тепловые нагрузки 
610 1 |a авиационное оборудование 
700 1 |a Красношлыков  |b А. С.  |c специалист в области теплотехники  |c инженер Томского политехнического университета  |f 1988-  |g Александр Сергеевич  |3 (RuTPU)RU\TPU\pers\34147 
701 1 |a Кузнецов  |b Г. В.  |c специалист в области теплоэнергетики  |c профессор Томского политехнического университета, доктор физико-математических наук  |f 1949-  |g Гений Владимирович  |3 (RuTPU)RU\TPU\pers\25528  |9 11458 
712 0 2 |a Национальный исследовательский Томский политехнический университет (ТПУ)  |b Энергетический институт (ЭНИН)  |b Кафедра теоретической и промышленной теплотехники (ТПТ)  |3 (RuTPU)RU\TPU\col\18679 
801 2 |a RU  |b 63413507  |c 20171116  |g RCR 
856 4 |u https://elibrary.ru/item.asp?id=29901275 
942 |c CF